Studies in librarianship
محفوظ في:
| المؤلف الرئيسي: | |
|---|---|
| التنسيق: | كتاب |
| اللغة: | Undetermined |
| منشور في: |
Darya Ganj, New Delhi
Anmol Publications
1997
|
| الموضوعات: | |
| الوسوم: |
إضافة وسم
لا توجد وسوم, كن أول من يضع وسما على هذه التسجيلة!
|
| Thư viện lưu trữ: | Trung tâm Học liệu Trường Đại học Cần Thơ |
|---|
| LEADER | 00508nam a2200193Ia 4500 | ||
|---|---|---|---|
| 001 | CTU_124787 | ||
| 008 | 210402s9999 xx 000 0 und d | ||
| 020 | |c 70.00 | ||
| 082 | |a 021 | ||
| 082 | |b T128/Vol.2 | ||
| 100 | |a Taher, Mohamed | ||
| 245 | 0 | |a Studies in librarianship | |
| 245 | 0 | |c Mohamed Taher | |
| 260 | |a Darya Ganj, New Delhi | ||
| 260 | |b Anmol Publications | ||
| 260 | |c 1997 | ||
| 650 | |a Libraries,Librarians | ||
| 904 | |i Minh | ||
| 980 | |a Trung tâm Học liệu Trường Đại học Cần Thơ | ||